00716nac a22002177a 4500001001000000003000900010005001700019008003400036040005400070072001300124110006700137245010000204260004200304300001100346490005600357500001900413650001900432650001600451650001000467650002100477BR6001631BR-BrBNA20240105113010.0230509b bl.|||m| |||| 00| 0 por d aBR-BrBNAbporcBiblioteca Nacional de Agricultura aE10; U101 aServico Nacional de Recenseamento, Rio de Janeiro, GB (Brasil)1 aCenso agricola de 1960. Mato Grosso, Goias - Distrito Federal. 7. recenseamento geral do Brasil3 aRio de Janeiro, GB (Brasil): c1967.  a173 p. aCenso Agricola. Serie Regional (Brazil)vv. 2(14)x aNumerical data aCENSO AGRICOLA aMATO GROSSO aGOIAS aDISTRITO FEDERAL